000 00896nam a2200217 a 4500
008 120416s1996 ||||||||||||||||| || u
020 _a0821336819
050 _aIBRD(06)DD/1996/9
100 _aRivera, Daniel
245 1 0 _aPrivate sector participation in the water supply and wastewater sector
246 _alessons from six developing countries
260 _aWashington, D.C.
_bWorld Bank
_c1996
300 _axiii, 83p.
350 _a0.00
490 _aDirections in development
650 _aSEWAGE DISPOSAL--DEVELOPING COUNTRIES--PLANNING--CASE STUDIES
650 _aWATER-SUPPLY--DEVELOPING COUNTRIES--PLANNING--CASE STUDIES
650 _aPRIVATIZATION--DEVELOPING COUNTRIES--CASE STUDIES
710 _aWorld Bank
995 _D0.00
_FCBU-MAIN LIBRARY (Kitwe)
_H1
_I0.00
_M1
_UAVAILABLE
_WOct 17, 2007
_ZInternational Publications
999 _c54693
_d54693